International Business / The Challenge of Global Competition: Seventh Edition (Record no. 744)
[ view plain ]
| 000 -LEADER | |
|---|---|
| fixed length control field | 02024cam a22002294a 4500 |
| 005 - ΗΜΕΡΟΜΗΝΙΑ ΚΑΙ ΩΡΑ ΤΕΛΕΥΤΑΙΑΣ ΕΝΗΜΕΡΩΣΗΣ | |
| Πεδίο ελέγχου | 20250605163944.0 |
| 008 - FIXED-LENGTH DATA ELEMENTS--GENERAL INFORMATION | |
| Πεδίο ελέγχου σταθερού μήκους | 250528s ||||||||||||||||||||||||d |
| 035 ## - SYSTEM CONTROL NUMBER | |
| System control number | 15150 |
| 020 ## - ISBN | |
| ISBN | 71540067 |
| 040 ## - ΠΗΓΗ ΚΑΤΑΛΟΓΟΓΡΑΦΗΣΗΣ | |
| Φορέας πρωτότυπης καταλογογράφησης | MC Athens Campus Library |
| Γλώσσα καταλογογράφησης | Ελληνικά, Μοντέρνα (1453-) |
| Modifying agency | MC Athens Campus Library |
| Κανόνες περιγραφικής καταλογογράφησης | AACR2 |
| 245 1# - ΤΙΤΛΟΣ ΚΑΙ ΔΗΛΩΣΗ ΥΠΕΥΘΥΝΟΤΗΤΑΣ | |
| Τίτλος | International Business / The Challenge of Global Competition: Seventh Edition |
| 250 ## - EDITION STATEMENT | |
| Edition statement | 7th |
| 260 ## - PUBLICATION, DISTRIBUTION, ETC. | |
| Name of publisher, distributor, etc. | Mcgraw Hill Book Company, |
| Date of publication, distribution, etc. | 1999 |
| 300 ## - PHYSICAL DESCRIPTION | |
| Extent | 676 |
| 505 0# - FORMATTED CONTENTS NOTE | |
| Formatted contents note | The Rapid Change of Global Business, Trading and Investing in International Business, Economic Theories of International Business, The Dynamic of International Organizations, Understanding the International Monetary System, Financial Forces: Influencing International Business, Economic and Socioeconomic Forces, Physical and Environmental Forces, Sociocultural Forces, Political Forces, Legal Forces, Labor Forces, Competitive and Distributive Forces, Assessing and Analyzing Markets, Marketing Internationally, Export and Import Practices, Human Resource Management, Financial Management, Global Operations Management: The Third Industrial Revolution, Strategic Planning and Organization Design and Control of the Firm. |
| 520 ## - SUMMARY, ETC. | |
| Summary, etc. | The Rapid Change of Global Business, Trading and Investing in International Business, Economic Theories of International Business, The Dynamic of International Organizations, Understanding the International Monetary System, Financial Forces: Influencing International Business, Economic and Socioeconomic Forces, Physical and Environmental Forces, Sociocultural Forces, Political Forces, Legal Forces, Labor Forces, Competitive and Distributive Forces, Assessing and Analyzing Markets, Marketing Internationally, Export and Import Practices, Human Resource Management, Financial Management, Global Operations Management: The Third Industrial Revolution, Strategic Planning and Organization Design and Control of the Firm. |
| 700 1# - ΠΡΟΣΘΕΤΗ ΑΝΑΓΡΑΦΗ--ΦΥΣΙΚΟ ΠΡΟΣΩΠΟ | |
| Personal name | Ball Don |
| 9 (RLIN) | 1003 |
| 700 1# - ΠΡΟΣΘΕΤΗ ΑΝΑΓΡΑΦΗ--ΦΥΣΙΚΟ ΠΡΟΣΩΠΟ | |
| Personal name | Mcculloch Wendell |
| 9 (RLIN) | 1004 |
| 942 ## - ADDED ENTRY ELEMENTS (KOHA) | |
| Koha item type | Books |
| Τύπος τεκμηρίου | Βιβλιοθήκη | Τρέχουσα τοποθεσία | Barcode | Αριθμός εισαγωγής | Ημερομηνία απόκτησης | Ταξιθετικό σύμβολο | Αριθμός αντιτύπου | Κατάσταση απόσυρσης | Κατάσταση χαμένου | Κατάσταση κατεστραμμένου | Μη δανεισμός | Σύνολο δανεισμών | Ημερομηνία τελευταίας εμφάνισης | Η τιμή ισχύει από |
|---|---|---|---|---|---|---|---|---|---|---|---|---|---|---|
| Books | MC Athens Campus Library | MC Athens Campus Library | 9780000007438 | 1382 | 05/06/2025 | 658/.049 BAL | 1 | 05/06/2025 | 05/06/2025 |